000 01167nac a22003011i 4500
003 EG-ScBUE
005 20221220113500.0
008 221220t1968 nyua f 000 0 eng d
020 _a9780486220826
020 _a0486220826
040 _aEG-ScBUE
_beng
_erda
_cEG-ScBUE
_dEG-ScBUE
041 1 _aeng
_hfre
082 0 4 _a739.4
_bDAL
_222
100 1 _aAllemagne, Henry René d',‏
_d1863-1950,
_eauthor.
245 1 0 _aDecorative antique ironwork :
_ba pictorial treasury /
_cby Henry Rene D'Allemagne. Introduction, bibliography, and translation of captions by Vera K. Ostoia, associate curator of medieval art, Metropolitan Museum of Art, New York.
264 1 _aNew York,
_bDover Publications,
_c[1968]
264 4 _cc1968
300 _ax, 415 pages :
_billustrations (chiefly color) ;
_c31 cm
336 _2rdacontent
_atext
_btxt
337 _2rdamedia
_aunmediated
_bn
338 _2rdacarrier
_avolume
_bnc
546 _aText in English ; translated from the original French.
650 7 _aArt metal-work.
_2BUEsh
653 _bENGARC
655 _vReading book
700 1 _aOstoia, Vera K.,
_eauthor of introduction, etc.,
_etranslator.
942 _cBB
_2ddc
999 _c5784
_d5784